Państwa po flagach graniczących państw #1 - Statystyki

Ogólne statystyki
  • Ten quiz został rozwiązany 5 960 razy
  • Średni wynik to 16 z 20
Statystyki odpowiedzi
Flagi Państwo % Poprawnych
Kanada
100%
Holandia
98%
Wielka Brytania
98%
Szwecja
95%
Andora
94%
Stany Zjednoczone
92%
Mongolia
90%
Urugwaj
90%
Irlandia
88%
Hiszpania
87%
Dania
85%
Korea Północna
83%
Lesotho
77%
Katar
76%
Liban
71%
Indonezja
66%
Kambodża
66%
Panama
65%
Bangladesz
64%
Brunei
53%
Nie znaleziono quizów pasujących do podanych kryteriów
Rozkład punktacji
Procent ludzi z każdym wynikiem
Percentyl według liczby udzielonych odpowiedzi
Twoja historia wyników
Nie rozwiązałeś tego quizu